000 00355nam a2200133 a 4500
005 20140412111402.0
008 070410s19uu xx 00 eng d
020 _a0-307-62378-5
050 _aER
_bPo75 1995
100 _aKorman, Justine
245 _aPocahontas /
_cJustine Korman.
260 _aNew York :
_bWestern Publishing,
_c1995.
999 _c105472
_d105472